Ecología política naturaleza, sociedad y utopía

Sábháilte in:
Sonraí bibleagrafaíochta
Príomhchruthaitheoir: Alimonda, Héctor
Formáid: Téacs
Foilsithe / Cruthaithe: Buenos Aires: CLACSO
Ábhair:
Clibeanna: Cuir clib leis
Níl clibeanna ann, Bí ar an gcéad duine le clib a chur leis an taifead seo!

MARC

LEADER 00000 a a2200000 04500
001 38303
003
040
020 |a 950-9231-74-6  
090 |a 1001 A411e  
100 |a Alimonda, Héctor  
245 |a Ecología política naturaleza, sociedad y utopía  
260 |a Buenos Aires:   |b CLACSO  
300 |a 350 p.  
650 |a PETROLEO  
650 |a MEDIO AMBIENTE  
650 |a CONFLICTOS  
650 |a BRASIL  
999 |c 7931  |d 7931